Abnormal and clinical psychology : (Record no. 18438)
[ view plain ]
| 000 -LEADER | |
|---|---|
| fixed length control field | 00992pam a2200289 a 4500 |
| 001 - CONTROL NUMBER | |
| control field | 015659251 |
| 003 - CONTROL NUMBER IDENTIFIER | |
| control field | OSt |
| 005 - DATE AND TIME OF LATEST TRANSACTION | |
| control field | 20141015104455.0 |
| 008 - FIXED-LENGTH DATA ELEMENTS--GENERAL INFORMATION | |
| fixed length control field | 100921s2011 xxkadk frbd f001 0 eng d |
| 020 ## - INTERNATIONAL STANDARD BOOK NUMBER | |
| International Standard Book Number | 9780335237463 (pbk.) |
| 020 ## - INTERNATIONAL STANDARD BOOK NUMBER | |
| International Standard Book Number | 0335237460 (pbk.) |
| 040 ## - CATALOGING SOURCE | |
| Original cataloging agency | StDuBDS |
| Language of cataloging | eng |
| Transcribing agency | StDuBDS |
| Modifying agency | Uk |
| -- | EG-ScBUE |
| 082 00 - DEWEY DECIMAL CLASSIFICATION NUMBER | |
| Classification number | 616.89 |
| Edition number | 22 |
| Item number | BEN |
| 100 1# - MAIN ENTRY--PERSONAL NAME | |
| Personal name | Bennett, Paul, |
| Dates associated with a name | 1942- |
| 9 (RLIN) | 36167 |
| 245 10 - TITLE STATEMENT | |
| Title | Abnormal and clinical psychology : |
| Remainder of title | an introductory textbook / |
| Statement of responsibility, etc | Paul Bennett. |
| 250 ## - EDITION STATEMENT | |
| Edition statement | 3rd ed. |
| 260 ## - PUBLICATION, DISTRIBUTION, ETC. (IMPRINT) | |
| Place of publication, distribution, etc | Maidenhead, United Kingdom : |
| Name of publisher, distributor, etc | Open University Press : |
| -- | McGraw-Hill Education, |
| Date of publication, distribution, etc | 2011 |
| Place of manufacture | ([Madrid] : |
| Manufacturer | Grafo, S. A.) |
| 300 ## - PHYSICAL DESCRIPTION | |
| Extent | ix, 533 p. : |
| Other physical details | charts, forms, tables ; |
| Dimensions | 25 cm. |
| 500 ## - GENERAL NOTE | |
| General note | Glossary : p. 445-447. |
| 500 ## - GENERAL NOTE | |
| General note | Index : p. 512-533. |
| 504 ## - BIBLIOGRAPHY, ETC. NOTE | |
| Bibliography, etc | Bibliography : p. 448-511. |
| 650 #0 - SUBJECT ADDED ENTRY--TOPICAL TERM | |
| Topical term or geographic name as entry element | Clinical psychology |
| 9 (RLIN) | 30633 |
| 650 #0 - SUBJECT ADDED ENTRY--TOPICAL TERM | |
| Topical term or geographic name as entry element | Psychology, Pathological |
| 9 (RLIN) | 36168 |
| 653 ## - INDEX TERM--UNCONTROLLED | |
| Resource For college | Pharmacy |
| Arrived date list | October2014 |
| 655 ## - INDEX TERM--GENRE/FORM | |
| Form subdivision | |
| -- | 33728 |
| 942 ## - ADDED ENTRY ELEMENTS (KOHA) | |
| Source of classification or shelving scheme | Dewey Decimal Classification |
| Call number prefix | 616.89 BEN |
| Withdrawn status | Item status | Source of classification or shelving scheme | Damaged status | Not for loan | Vendor | Home library | Current library | Shelving location | Date acquired | Source of acquisition | Cost, normal purchase price | Total Checkouts | Full call number | Barcode | Date last seen | Cost, replacement price | Koha item type | Total Renewals | Date last borrowed | Checked out |
|---|---|---|---|---|---|---|---|---|---|---|---|---|---|---|---|---|---|---|---|---|
| Dewey Decimal Classification | Baccah | Central Library | Central Library | First floor | 09/10/2014 | 220.00 | 616.89 BEN | 000036530 | 15/07/2025 | 275.00 | NB - Book (Non borrowing) | |||||||||
| Dewey Decimal Classification | Baccah | Central Library | Central Library | First floor | 09/10/2014 | 220.00 | 2 | 616.89 BEN | 000036531 | 15/07/2025 | 275.00 | Book - Borrowing | 18 | 03/10/2023 | ||||||
| Dewey Decimal Classification | Baccah | Central Library | Central Library | First floor | 09/10/2014 | 1 | 616.89 BEN | 000036532 | 15/07/2025 | Book - Borrowing | 02/03/2020 | |||||||||
| Dewey Decimal Classification | Baccah | Central Library | Central Library | First floor | 09/10/2014 | 1 | 616.89 BEN | 000036533 | 15/07/2025 | Book - Borrowing | 1 | 31/03/2019 | ||||||||
| Dewey Decimal Classification | Baccah | Central Library | Central Library | First floor | 09/10/2014 | 2 | 616.89 BEN | 000036534 | 15/07/2025 | Book - Borrowing | 2 | 13/10/2018 | ||||||||
| Dewey Decimal Classification | Baccah | Central Library | Central Library | First floor | 09/10/2014 | 1 | 616.89 BEN | 000036535 | 02/03/2020 | Book - Borrowing | 02/03/2020 | 09/03/2020 | ||||||||
| Dewey Decimal Classification | Baccah | Central Library | Central Library | First floor | 09/10/2014 | 1 | 616.89 BEN | 000036536 | 15/07/2025 | Book - Borrowing | 5 | 23/02/2020 | ||||||||
| Dewey Decimal Classification | Baccah | Central Library | Central Library | First floor | 15/10/2014 | 616.89 BEN | 000036666 | 15/07/2025 | Book - Borrowing | |||||||||||
| Dewey Decimal Classification | Baccah | Central Library | Central Library | First floor | 15/10/2014 | 1 | 616.89 BEN | 000036667 | 15/07/2025 | Book - Borrowing | 1 | 26/02/2020 | ||||||||
| Dewey Decimal Classification | Baccah | Central Library | Central Library | First floor | 15/10/2014 | 616.89 BEN | 000036668 | 15/07/2025 | Book - Borrowing |